000 01329cam a2200301 4500
008 090401t1995 xxu||||| |||| 00| 0 eng d
020 _a1859230512
035 _a(Sirsi) u8818
041 _aeng
050 _a658.15969
110 _aUniversity of Ulster
_93068
245 _aFinancial management of property and construction ... proceedings of international conference: Newcastle, Northern Ireland, May 1995.
260 _aNewtonabbey, Co. Antrim
_bUniversity of Ulster
_c1995
300 _aviii,499p. : ill. ; 30cm.
350 _a0
520 _aKeynote address: The globalisation of the property market. / McINTOSH, A. - Property and construction economics as the study of human behaviour in exchange. / RAFTERTY, J. - The future for the construction industry in the boom-bust cycle. / FLANAGAN, R. Sponsors of the conference include RICS Northern Ireland Branch.
650 _aCONSTRUCTION INDUSTRY
650 _aCost management
_96233
650 _aCOST PLANNING
650 _aFINANCIAL MANAGEMENT
650 _aMANAGEMENT-BUSINESS MANAGEMENT-INFORMATION MANAGEMENT
650 _aRISK ANALYSIS
650 _aValuation
_96273
690 _aPROPERTY-PROPERTY FINANCE AND INVESTMENT
700 _aMeban, Alex G., McCluskey, William J., Shaw, Roy S.W., Han,
_xEditor
942 _n0
948 _c04/03/1997
999 _c86566
_d86566